Patriots Roster 2025 - Statistics

General Stats
  • This quiz has been taken 164 times
    113 since last reset
  • The average score is 16 of 84
Answer Stats
Position Name % Correct
QB Drake Maye
100%
RB TreVeyon Henderson
90%
RB Rhamondre Stevenson
85%
QB Joshua Dobbs
75%
WR Stefon Diggs
73%
QB Tommy Devito
67%
WR DeMario Douglas
62%
TE Hunter Henry
60%
TE Austin Hooper
47%
WR Kayshon Boutte
43%
LT Will Campbell
40%
WR Kyle Williams
37%
WR Mack Hollins
37%
RDE Milton Williams
37%
NB Marcus Jones
35%
CB Christian Gonzalez
33%
RB Antonio Gibson
32%
FB Jack Westover
32%
RT Morgan Moses
32%
LG Jared Wilson
28%
LDE Christian Barmore
27%
WR Efton Chism III
25%
ILB Robert Spillane
25%
LG Ben Brown
23%
SLB K'Lavon Chaisson
23%
RG Mike Onwenu
23%
CB Carlton Davis III
22%
K Andy Borregales
18%
FS Craig Woodson
18%
WLB Harold Landry III
18%
ILB Jack Gibbens
18%
RB Terrell Jennings
18%
RB D'Ernest Johnson
17%
C Garrett Bradbury
17%
SS Jaylinn Hawkins
17%
ILB Christian Elliss
15%
P Bryce Baringer
13%
LT Vederian Lowe
13%
SLB Anfernee Jennings
12%
CB Charles Woods
12%
CB Alex Austin
8%
FB Brock Lampe
8%
LDE Joshua Farmer
8%
LS Julian Ashby
8%
NT Khyiris Tonga
8%
RT Marcus Bryant
8%
LG Caedan Wallace
7%
ILB Jahlani Tavai
7%
RB Lan Larison
7%
CB Miles Battle
7%
SLB Bradyn Swinson
5%
SS Brendan Schooler
5%
TE CJ Dippre
5%
RDE Cory Durden
5%
FS Dell Pettus
5%
PS (CB) Kobee Minor
5%
ILB Marte Mapu
5%
SLB Elijah Ponder
3%
LT Thayer Munford Jr.
3%
RG Yasir Durant
3%
WLB Caleb Murphy
2%
ILB Chad Muma
2%
PS (RB) Craig Reynolds
2%
RB Deneric Prince
2%
NT Eric Gregory
2%
NT Jaquelin Roy
2%
PS (WR) John Jiles
2%
CB Marcellas Dial Jr.
2%
PS (TE) Thomas Odukoya
2%
PS (OT) Andrew Rubcich
0%
PS (G) Brendan Jaimes
0%
PS (LB) Darius Harris
0%
PS (DT) Fabien Lovett Sr.
0%
NT Isaiah Iton
0%
WR Jalen Hurd
0%
PS (RB) Jashaun Corbin
0%
PS (DT) Jeremiah Pharms Jr.
0%
PS (WR) Jeremiah Webb
0%
PS (S) John Saunders
0%
PS (DT) Leonard Taylor III
0%
PS (G) Mehki Butler
0%
PS (LB) Otis Reese IV
0%
PS (S) Richie Grant
0%
PS (OT) Sebastian Gutierrez
0%
No matching quizzes found
Score Distribution
Percent of People with Each Score
Percentile by Number Answered
Your Score History
You have not taken this quiz since the last reset